000 00799nam a2200265Ia 4500
005 20260121172747.0
008 008 260114s9999 xx 000 0 eng d
020 _a9783030878696
037 _aEBOOK
040 _aCRL
040 _beng
040 _cCRL
041 _2eng
041 _aeng
084 _qCRL
100 _aHugo Sanjurjo González, Iker Pastor López, Pablo García Bringas, Héctor Quintián, Emilio Corchado
_91092407
245 0 _a16th International Conference on Soft Computing Models in Industrial and Environmental Applications (SOCO 2021)
260 _bSpringer
260 _bSpringer
260 _c2022
856 _uhttps://link.springer.com/openurl?genre=book&isbn=978-3-030-87869-6
942 _cEBOOK
999 _c1658147
_d1658147